| 000 | 01034nam a22002415i 4500 | ||
|---|---|---|---|
| 001 | 152545 | ||
| 003 | ES-MaACL | ||
| 005 | 20251005063119.0 | ||
| 008 | 051017s1851 fr | |||||||| ||fre d | ||
| 040 |
_aCAM _bspa _cCAM |
||
| 080 | _a821.133.1-22"18" | ||
| 100 | 1 |
_aAnicet Bourgeois, Auguste, _d1806-1871 _930979 |
|
| 245 | 1 | 0 |
_aMarthe et Marie _b: drame en 6 actes / _cpar Anicet-Bourgeois et Michel Masson. |
| 260 |
_aParis : _bMichel Lévy frères libraires éditeurs, _c1851 ( _fTyp. de Mme. Ve. Dondey-Dupré) |
||
| 300 |
_a104 p. ; _c19 cm. |
||
| 490 | 1 | _aBibliotheque dramatique. Théatre moderne | |
| 500 | _aReprésenté pur la première fois a Paris, sur le Théatre de l'Abigu-Comique, le 4 octubre 1851. | ||
| 594 | _aTodos los datos tomados de la cub. original. | ||
| 700 | 1 |
_aMasson, Michel. _978846 |
|
| 830 | 0 |
_aBibliotheque dramatique. Théatre moderne _9182423 |
|
| 852 |
_aES-MaACL _jT-733-F-2 _z-- Enc. hol. conservando la cub. original _z-- Enc. en un vol. facticio |
||
| 999 |
_c152545 _d152545 |
||